100 joueurs brésiliens avec la plus grosse valeur marchande - Statistiques

Statistiques générales
  • Ce quiz a été pris 203 fois
  • Le résultat moyen est 29 sur 100
Statistiques - réponses
Club Prix Réponse % Correct
Real Madrid 150 millions Vinicius Junior
98%
Al-Hilal 60 millions Neymar
97%
Real Madrid 100 millions Rodrygo
96%
Paris SG 65 millions Marquinhos
90%
FC Nantes 12 millions Marquinhos
90%
Arsenal 75 millions Gabriel Jesus
88%
Real Madrid 70 millions Eder Militao
84%
Arsenal 80 millions Gabriel Martinelli
84%
West Ham 45 millions Lucas Paqueta
81%
Newcastle 70 millions Bruno Guimaraes
79%
Arsenal 55 millions Gabriel
77%
Manchester United 60 millions Antony
75%
Manchester United 40 millions Casemiro
75%
FC Barcelone 60 millions Raphinha
75%
Tottenham 45 millions Richarlison
75%
Liverpool 35 millions Alisson
73%
Manchester City 40 millions Ederson
72%
Atalanta 20 millions Ederson
72%
Al-Ittihad 42 millions Fabinho
60%
Al-Hilal 30 millions Malcom
56%
Aston Villa 40 millions Douglas Luiz
54%
Fenerbahce 20 millions Fred
50%
Newcastle 42 millions Joelinton
48%
Juventus 40 millions Bremer
42%
Al-Ahli 18 millions Roberto Firmino
42%
Nottingham Forest 28 millions Danilo
39%
Juventus 15 millions Danilo
39%
Palmeiras 20 millions Endrick
38%
Monaco 20 millions Caio Henrique
35%
Brighton 32 millions Joao Pedro
35%
Betis Seville 15 millions Luiz Henrique
34%
Sassuolo 10 millions Matheus Henrique
34%
Flamengo 22 millions Pedro
31%
Olympique de Marseille 20 millions Renan Lodi
30%
Al-Nassr 15 millions Anderson Talisca
29%
Monaco 20 millions Vanderson
29%
Aston Villa 20 millions Diego Carlos
28%
Nottingham Forest 15 millions Andrey Santos
27%
Shanghai SIPG 7,5 millions Oscar
27%
Al-Duhail 10 millions Philippe Coutinho
27%
Athletico Paranaense 18 millions Vitor Roque
27%
Al-Nassr 7,5 millions Alex Telles
26%
Zenit St-Petersbourg 18 millions Douglas Santos
25%
SL Benfica 25 millions David Neres
24%
Wolves 25 millions Matheus Cunha
24%
Fiorentina 15 millions Arthur
23%
Tottenham 20 millions Emerson Royal
23%
Lazio Rome 15 millions Felipe Anderson
22%
Flamengo 16 millions Gerson
20%
Galatasaray 25 millions Tete
20%
SL Benfica 20 millions Arthur Cabral
17%
Wolves 18 millions Joao Gomes
16%
Al-Ahli 30 millions Roger Ibanez
16%
Fulham 18 millions Andreas Pereira
15%
Flamengo 21 millions Gabriel Barbosa
15%
Olympique Lyonnais 8 millions Jeffinho
15%
FC Porto 25 millions Pepe
15%
FC Porto 22 millions Evanilson
13%
Flamengo 11 millions Everton
13%
Atletico Mineiro 7,5 millions Paulinho
13%
Inter Milan 15 millions Carlos Augusto
12%
Fiorentina 20 millions Dodo
12%
RB Salzbourg 10 millions Fernando
12%
FC Porto 20 millions Galeno
12%
Atletico Madrid 16 millions Samuel Lino
10%
Fluminense 14 millions André
9%
Brighton 10 millions Igor
8%
Eintracht Francfort 15 millions Tuta
8%
RC Strasbourg 13 millions Angelo
7%
Seville FC 7,5 millions Marcao
7%
Palmeiras 9 millions Artur
6%
Zenith St-Petersbourg 20 millions Claudinho
6%
Zenit St-Petersbourg 24 millions Wendel
6%
Santos 15 millions Marcos Leonardo
5%
Palmeiras 14 millions Raphael Veiga
5%
SL Benfica 13 millions Morato
4%
Corinthians 18 millions Yuri Alberto
4%
Udinese 8 millions Brenner
3%
Norwich 12 millions Gabriel Sara
3%
Lecce 10 millions Gabriel Strefezza
3%
Feyenoord 10 millions Igor Paixao
3%
Bahia 9 millions Kayky
3%
Zenith St-Petersbourg 9 millions Robert Renan
3%
New York City FC 15 millions Talles Magno
3%
FC Porto 11 millions Gabriel Veron
2%
Al-Sadd 10 millions Giovani
2%
PAOK Salonique 8 millions Marcos Antonio
2%
Sporting CP 8 millions Matheus Reis
2%
Al-Hilal 8 millions Michael
2%
Fenerbahce 10 millions Rodrigo Becao
2%
Al-Rayyan 8,5 millions Roger Guedes
2%
Palmeiras 11 millions Dudu
1%
Portland Timbers 9 millions Evander
1%
Palmeiras 8 millions Gabriel Menino
1%
Atletico Mineiro 12 millions Guilherme Arana
1%
Olympiakos 10 millions Gustavo Scarpa
1%
Palmeiras 8,5 millions Murilo
1%
Atletico Mineiro 10 millions Pedrinho
1%
Palmeiras 13 millions Rony
1%
SC Internacional 9 millions Wanderson
1%
Aucun quiz correspondant
Distribution des résultats
% des personnes avec chaque résultat
Percentile par nombre de réponses
Votre historique - résultats
Vous n’avez pas pris ce quiz